Programming in ANSI 'C' (Record no. 165)

MARC details
000 -LEADER
fixed length control field 00451nam a22001817a 4500
005 - DATE AND TIME OF LATEST TRANSACTION
control field 20180203171919.0
008 - FIXED-LENGTH DATA ELEMENTS--GENERAL INFORMATION
fixed length control field 160428b xxu||||| |||| 00| 0 eng d
020 ## - INTERNATIONAL STANDARD BOOK NUMBER
ISBN 0-07-053477-2
041 ## - LANGUAGE CODE
Language code of text/sound track or separate title eng
082 ## - DEWEY DECIMAL CLASSIFICATION NUMBER
Item number 00579
Classification number 005.133
100 ## - MAIN ENTRY--AUTHOR NAME
Personal name Balagurusamy, E
245 ## - TITLE STATEMENT
Title Programming in ANSI 'C'
250 ## - EDITION STATEMENT
Edition statement 3RD ED.
260 ## - PUBLICATION, DISTRIBUTION, ETC. (IMPRINT)
Place of publication New Delhi
Name of publisher Tata MC Graw Hill,
Year of publication 2004
300 ## - PHYSICAL DESCRIPTION
Number of Pages 493
650 ## - SUBJECT ADDED ENTRY--TOPICAL TERM
Topical Term Information Technology
942 ## - ADDED ENTRY ELEMENTS (KOHA)
Koha item type Books
Holdings
Lost status Damaged status Collection code Home library Current library Shelving location Date acquired Full call number Accession Number Koha item type
    CS/IT JRU Library JRU Library SHELF-53-A 28/04/2016 005.133 00579 Books
Lost     JRU Library JRU Library SHELF-3-F 28/04/2016 00579 00580 Books
    CS/IT JRU Library JRU Library SHELF-53-A 28/04/2016 005.133 00581 Books